Analysis of the Use of Artificial Intelligence in the Slovak Business Environment
Východiskovým bodom pre riešenie danej problematiky je objasnenie konceptu umelej inteligencie a definovanie oblastí jej využitia. V časti výsledkov článku analyzujeme stav a rozsah využitia umelej inteligencie (AI) v slovenskom podnikateľskom prostredí a porovnávame ho s priemerom EÚ. Na základe pr...
Na minha lista:
| Autor principal: | |
|---|---|
| Formato: | Capítulo de Livro |
| Idioma: | inglês |
| Assuntos: | |
| Tags: |
Sem tags, seja o primeiro a adicionar uma tag!
|
MARC
| LEADER | 00000naa$a2200000$$$4500 | ||
|---|---|---|---|
| 001 | 0314345 | ||
| 005 | 20260327082631.4 | ||
| 041 | 0 | |a eng | |
| 044 | |a SK | ||
| 245 | 1 | 0 | |a Analysis of the Use of Artificial Intelligence in the Slovak Business Environment |c Stanislava Deáková |
| 520 | |a Východiskovým bodom pre riešenie danej problematiky je objasnenie konceptu umelej inteligencie a definovanie oblastí jej využitia. V časti výsledkov článku analyzujeme stav a rozsah využitia umelej inteligencie (AI) v slovenskom podnikateľskom prostredí a porovnávame ho s priemerom EÚ. Na základe prieskumov, štúdií a dostupných údajov skúmame sektory s najväčším potenciálom pre implementáciu AI, bariéry, ktorým čelia podniky pri adaptácii, a tiež skúmame vplyvy AI na konkurencieschopnosť podnikov. Výsledky poukazujú na rastúci záujem o umelú inteligenciu, ale aj na výzvy súvisiace s nedostatkom odborníkov, financovania a legislatívy. Na záver ponúkame odporúčania na podporu rozvoja AI v slovenskom podnikateľskom prostredí. | ||
| 610 | 2 | 0 | |a ekonómia |
| 610 | 2 | 0 | |a manažment |
| 610 | 2 | 0 | |a podnikanie |
| 610 | 2 | 0 | |a digitalizácia |
| 610 | 2 | 0 | |a financie |
| 100 | 1 | |a Deáková, Stanislava, 1974- | |